<?xml version="1.0" encoding="UTF-8"?>
<record
    xmlns:xsi="http://www.w3.org/2001/XMLSchema-instance"
    xsi:schemaLocation="http://www.loc.gov/MARC21/slim http://www.loc.gov/standards/marcxml/schema/MARC21slim.xsd"
    xmlns="http://www.loc.gov/MARC21/slim">

  <leader>01476nam a2200289   4500</leader>
  <controlfield tag="003">CO-ViMGA</controlfield>
  <datafield tag="020" ind1=" " ind2=" ">
    <subfield code="a"> 9789583046186 </subfield>
  </datafield>
  <datafield tag="040" ind1=" " ind2=" ">
    <subfield code="a">CO-ViMGA</subfield>
    <subfield code="b">spa</subfield>
    <subfield code="c">CO-ViMGA</subfield>
  </datafield>
  <datafield tag="082" ind1="0" ind2="4">
    <subfield code="a"> 193 </subfield>
    <subfield code="b">M65L </subfield>
  </datafield>
  <datafield tag="100" ind1="1" ind2=" ">
    <subfield code="a"> Mongin, Jean Paul, </subfield>
    <subfield code="d">1979-</subfield>
    <subfield code="9">2335</subfield>
  </datafield>
  <datafield tag="245" ind1="1" ind2="0">
    <subfield code="a">Leibniz o el mejor de los mundos posibles /</subfield>
    <subfield code="c">contado por Jean Paul Mongin ; ilustrado por Julia Wauters ; edici&#xF3;n C&#xE9;sar A. Cardozo Tovar ; traducci&#xF3;n Mar&#xED;a Pilar Queralt </subfield>
  </datafield>
  <datafield tag="260" ind1=" " ind2=" ">
    <subfield code="a">Bogota :</subfield>
    <subfield code="b">Panamericana, </subfield>
    <subfield code="c">2015.</subfield>
  </datafield>
  <datafield tag="300" ind1=" " ind2=" ">
    <subfield code="a">63 p&#xE1;ginas : </subfield>
    <subfield code="b"> ilustraciones en color ;  21 cm </subfield>
  </datafield>
  <datafield tag="500" ind1=" " ind2=" ">
    <subfield code="a"> incluye datos biogr&#xE1;ficos de los autores </subfield>
  </datafield>
  <datafield tag="500" ind1=" " ind2=" ">
    <subfield code="a">Recomendado para personas de 10 a 12 a&#xF1;os </subfield>
  </datafield>
  <datafield tag="520" ind1=" " ind2=" ">
    <subfield code="a"> "Trata del pensamiento filos&#xF3;fico de Leibniz, uno de los grandes pensadores de la humanidad, que junto a su amigo Teodoro, da a conocer el universo y lo que contiene, y cuestion&#xE1;ndose el problema del mal". </subfield>
  </datafield>
  <datafield tag="534" ind1=" " ind2=" ">
    <subfield code="t">Leibniz ou le Meilleur des Mondes Possibles </subfield>
  </datafield>
  <datafield tag="600" ind1=" " ind2=" ">
    <subfield code="a">Leibniz, Gottfried Wilhelm </subfield>
    <subfield code="d"> 1646-1716 </subfield>
    <subfield code="x">Pensamiento filos&#xF3;fico  </subfield>
    <subfield code="9">2336</subfield>
  </datafield>
  <datafield tag="600" ind1=" " ind2=" ">
    <subfield code="a">Leibniz, Gottfried Wilhelm</subfield>
    <subfield code="d"> 1646-1716 </subfield>
    <subfield code="x">Aspectos biogr&#xE1;ficos</subfield>
    <subfield code="9">2337</subfield>
  </datafield>
  <datafield tag="650" ind1="1" ind2="4">
    <subfield code="a"> Filosof&#xED;a alemana</subfield>
    <subfield code="x">Literatura infantil </subfield>
    <subfield code="9">2341</subfield>
  </datafield>
  <datafield tag="650" ind1="1" ind2="4">
    <subfield code="a"> Fil&#xF3;sofos alemanes </subfield>
    <subfield code="x"> Literatura infantil  </subfield>
    <subfield code="9">2339</subfield>
  </datafield>
  <datafield tag="650" ind1="1" ind2="4">
    <subfield code="a"> Universo</subfield>
    <subfield code="x">Literatura infantil  </subfield>
    <subfield code="9">2340</subfield>
  </datafield>
  <datafield tag="650" ind1="1" ind2="4">
    <subfield code="a">Metaf&#xED;sica </subfield>
    <subfield code="x">Literatura infantil </subfield>
    <subfield code="9">2338</subfield>
  </datafield>
  <datafield tag="700" ind1="1" ind2=" ">
    <subfield code="a"> Queralt, Mar&#xED;a Pilar, </subfield>
    <subfield code="e">tr.</subfield>
    <subfield code="9">2343</subfield>
  </datafield>
  <datafield tag="700" ind1="1" ind2=" ">
    <subfield code="a"> Wauters, Julia,</subfield>
    <subfield code="e">il.</subfield>
    <subfield code="9">2342</subfield>
  </datafield>
  <datafield tag="942" ind1=" " ind2=" ">
    <subfield code="2">ddc</subfield>
    <subfield code="c">BK</subfield>
  </datafield>
  <datafield tag="999" ind1=" " ind2=" ">
    <subfield code="c">7236</subfield>
    <subfield code="d">7236</subfield>
  </datafield>
  <datafield tag="952" ind1=" " ind2=" ">
    <subfield code="0">0</subfield>
    <subfield code="1">0</subfield>
    <subfield code="2">ddc</subfield>
    <subfield code="4">0</subfield>
    <subfield code="7">0</subfield>
    <subfield code="a">MEVIECAR</subfield>
    <subfield code="b">MEVIECAR</subfield>
    <subfield code="d">2020-02-28</subfield>
    <subfield code="g">28.88</subfield>
    <subfield code="l">0</subfield>
    <subfield code="o"> 193 M65L</subfield>
    <subfield code="p">32127</subfield>
    <subfield code="r">2020-02-28 00:00:00</subfield>
    <subfield code="w">2020-02-28</subfield>
    <subfield code="y">BK</subfield>
  </datafield>
  <datafield tag="952" ind1=" " ind2=" ">
    <subfield code="0">0</subfield>
    <subfield code="1">0</subfield>
    <subfield code="2">ddc</subfield>
    <subfield code="4">0</subfield>
    <subfield code="7">0</subfield>
    <subfield code="a">MEVIECAR</subfield>
    <subfield code="b">MEVIECAR</subfield>
    <subfield code="d">2020-02-28</subfield>
    <subfield code="g">28.88</subfield>
    <subfield code="l">0</subfield>
    <subfield code="o"> 193 M65L</subfield>
    <subfield code="p">32128</subfield>
    <subfield code="r">2020-02-28 00:00:00</subfield>
    <subfield code="w">2020-02-28</subfield>
    <subfield code="y">BK</subfield>
  </datafield>
</record>
